Сочинения. Т. 1: Повести и рассказы (Запись № 8529713)

Подробности
000 -МАРКЕР
контрольное поле 01704nam2a22002771 4500
001 - ИДЕНТИФИКАТОР ЗАПИСИ
контрольное поле rc\4124528
005 - ИДЕНТИФИКАТОР ВЕРСИИ
контрольное поле 20250611001904.0
021 ## - НОМЕР ГОСУДАРСТВЕННОЙ РЕГИСТРАЦИИ
Код страны Российская Федерация
Номер [55-28012]
021 ## - НОМЕР ГОСУДАРСТВЕННОЙ РЕГИСТРАЦИИ
Код страны Российская Федерация
Номер [55-26393]
035 ## - ДРУГИЕ СИСТЕМНЫЕ НОМЕРА
Идентификатор записи (NLR Aleph) 007982701
100 ## - ДАННЫЕ ОБЩЕЙ ОБРАБОТКИ
Данные общей обработки 20130415d1955 |||y0rusy50 ca
101 1# - ЯЗЫК РЕСУРСА
Язык текста, звукозаписи и т.д. русский
Язык оригинала польский
102 ## - СТРАНА ПУБЛИКАЦИИ ИЛИ ПРОИЗВОДСТВА
Страна публикации Российская Федерация
105 ## - ПОЛЕ КОДИРОВАННЫХ ДАННЫХ: ТЕКСТОВЫЕ МАТЕРИАЛЫ, МОНОГРАФИЧЕСКИЕ
Кодированные данные о монографическом текстовом документе c z |||a|
200 1# - ЗАГЛАВИЕ И СВЕДЕНИЯ ОБ ОТВЕТСТВЕННОСТИ
Основное заглавие Повести и рассказы
Сведения, относящиеся к заглавию [Жилец с чердака; Дворец и лачуга; Сочельник; Проклятое счастье; Сиротская доля; Приключение Стася; Эхо музыки; Михалко; Шарманка; Возвратная волна]
210 ## - ПУБЛИКАЦИЯ, РАСПРОСТРАНЕНИЕ И ДР.
Место издания, распространения и т.д. Москва
Имя издателя, распространителя и т. д. Гослитиздат
Дата издания, распространения и т.д. 1955
215 ## - ФИЗИЧЕСКАЯ ХАРАКТЕРИСТИКА
Специфическое обозначение материала и объем 31, 472 с., 1 л. портр.
461 #0 - УРОВЕНЬ НАБОРА
Встроенное поле 001rc\4124527
-- 2001#$aСочинения$eВ 5 т.$eПер. с польск.$f[Вступ. статья Е. Цыбенко, с. V-XXXI]. Т. 1-$vТ. 1
-- 700#1$aПрус$bБ.$f1847-1912$3RU\NLR\AUTH\7727474$gБолеслав
Системный номер (АБИС) связанной записи 8529709
Автор Прус, Б. (1847-1912)
Место публикации Москва
Дата публикации 1955
Первые сведения об ответственности [Вступ. статья Е. Цыбенко, с. V-XXXI]. Т. 1-
Имя издателя, распространителя и т.д. Гослитиздат
Сведения, относящиеся к заглавию В 5 т. : Пер. с польск.
Заглавие Сочинения
Номер тома Т. 1
464 #0 - АНАЛИТИЧЕСКИЙ УРОВЕНЬ
Встроенное поле 2001#$a[Жилец с чердака$aДворец и лачуга$aСочельник$aПроклятое счастье$aСиротская доля$aПриключение Стася$aЭхо музыки$aМихалко$aШарманка$aВозвратная волна]
Заглавие Возвратная волна]
801 #0 - ИСТОЧНИК ЗАПИСИ
Страна Российская Федерация
Организация NLR
Правила каталогизации psbo
801 #1 - ИСТОЧНИК ЗАПИСИ
Страна Российская Федерация
Организация ELAR
Источник данных rusmarc
852 ## - МЕСТОНАХОЖДЕНИЕ И ШИФР ХРАНЕНИЯ
Идентификатор организации NLR
Шифр хранения (Call Number) Л60 Г-3/644
942 ## - ДОПОЛНИТЕЛЬНЫЕ ЭЛЕМЕНТЫ ЗАПИСИ (АБИС)
Тип экземпляра АБИС Книга
980 ## - КОЛЛЕКЦИЯ
Название коллекции Национальная библиография
Экземпляры
Тип экземпляра Дата поступления Библиотека постоянного хранения Библиотека текущего хранения Место хранения Шифр хранения Штрих-код Статус экземпляра Источник поступления
Книга 26.10.2013 РНБ (Садовая) РНБ (Садовая) Русский книжный фонд -Главное здание, Ленинский читальный зал Л60 Г-3/644 7982701-10    
Книга 12.09.2015 РНБ (Фонтанка) РНБ (Фонтанка) Юношеский читальный зал Ю И(пол)/П-85 1-1004199   Источник неизвестен